Manchester City Squad 2026 - Statistics

General Stats
  • This quiz has been taken 58 times
  • The average score is 23 of 28
Answer Stats
Nation Age Position Answer % Correct
Norway 25 ST Erling Haaland
96%
Italy 26 GK Ginaluigi Donnarumma
94%
Portugal 31 CAM Bernardo Silva
92%
England 31 CB John Stones
92%
Netherlands 30 CB Nathan Ake
92%
Egypt 26 ST Omar Marmoush
92%
Spain 29 CDM Rodri
92%
Portugal 28 CB Ruben Dias
92%
Croatia 23 CB Josko Gvardiol
90%
Uzbekistan 21 CB Abdukodir Khusanov
88%
Belgium 23 LW Jeremy Doku
88%
England 23 GK James Trafford
85%
France 22 CAM Rayan Cherki
85%
Brazil 21 LW Savinho
85%
Ghana 26 RW Antoine Semenyo
83%
Norway 22 RW Oscar Bobb
83%
England 25 CAM Phil Foden
83%
Croatia 31 CM Mateo Kovacic
81%
England 21 RB Rico Lewis
81%
Germany 33 GK Stefan Ortega
81%
Portugal 27 RB Matheus Nunes
77%
England 20 LB Nico O'Reilly
77%
Algeria 24 LB Rayan Ait-Nouri
77%
Netherlands 27 CM Tijjani Reijnder
75%
Spain 24 CDM Nico Gonzalez
69%
England 30 CDM Kalvin Phillips
58%
England 33 GK Marcus Bettinelli
48%
Argentina 20 CAM Claudio Echeverri
40%
No matching quizzes found
Score Distribution
Percent of People with Each Score
Percentile by Number Answered
Your Score History
You have not taken this quiz